The La Roche sites, (Record no. 201544)
[ view plain ]
| 000 -LEADER | |
|---|---|
| fixed length control field | 00968cam6a220026500 4500 |
| 001 - CONTROL NUMBER | |
| control field | lce01151745 |
| 008 - FIXED-LENGTH DATA ELEMENTS--GENERAL INFORMATION | |
| fixed length control field | 690709s1968 nbuabe b 000 0 eng |
| 010 ## - LIBRARY OF CONGRESS CONTROL NUMBER | |
| LC control number | 79600250 //r892 |
| 035 ## - SYSTEM CONTROL NUMBER | |
| System control number | (Sirsi) r89666 |
| 035 ## - SYSTEM CONTROL NUMBER | |
| System control number | (DLC) 79600250 //r892 |
| 035 ## - SYSTEM CONTROL NUMBER | |
| System control number | (UPRA)lce01151745 |
| 043 ## - GEOGRAPHIC AREA CODE | |
| Geographic area code | n-us-sd |
| 050 0# - LIBRARY OF CONGRESS CALL NUMBER | |
| Classification number | E78.S63 |
| Item number | H59 |
| 082 ## - DEWEY DECIMAL CLASSIFICATION NUMBER | |
| Classification number | 970.4/83/55 |
| 100 1# - MAIN ENTRY--PERSONAL NAME | |
| Personal name | Hoffman, John Jacob, 1931- |
| Dates associated with a name | Hoffman, John Jacob, 1931- |
| Linkage | A49209.1 |
| 245 14 - TITLE STATEMENT | |
| Title | The La Roche sites, |
| Statement of responsibility, etc. | by J. J. Hoffman. Editor: Jerome E. Petsche. |
| 260 ## - PUBLICATION, DISTRIBUTION, ETC. | |
| Place of publication, distribution, etc. | Lincoln, Neb., |
| Date of publication, distribution, etc. | 1968. |
| 490 1# - SERIES STATEMENT | |
| Series statement | River Basin Surveys. Publications in salvage archeology, |
| Volume/sequential designation | no. 11 |
| 504 ## - BIBLIOGRAPHY, ETC. NOTE | |
| Bibliography, etc. note | Bibliography: p. 94-97. |
| 650 #0 - SUBJECT ADDED ENTRY--TOPICAL TERM | |
| Topical term or geographic name entry element | Salvage archaeology -- South Dakota. |
| Geographic subdivision | Salvage archaeology -- South Dakota. |
| Linkage | S37912.1 |
| 651 #0 - SUBJECT ADDED ENTRY--GEOGRAPHIC NAME | |
| Geographic name | La Roche site. |
| Linkage | S37930.1 |
| 830 #0 - SERIES ADDED ENTRY--UNIFORM TITLE | |
| Uniform title | Publications in salvage archeology ; |
| Volume/sequential designation | no. 11. |
| Linkage | S8076.1 |
| 949 ## - LOCAL PROCESSING INFORMATION (OCLC) | |
| a | E78.S63 |
| w | lcc |
| i | -125927 |
| m | MAIN |
| t | BOOK |
| l | ON-SHELF |
No items available.